[Event "3rd Al Ain Chess Classic"]
[Site "Al-Ain UAE"]
[Date "2014.12.22"]
[Round "5.27"]
[White "Mohannad, Farhan"]
[Black "Hayrapetyan, Hovik"]
[Result "0-1"]
[WhiteTitle "FM"]
[BlackTitle "GM"]
[WhiteElo "2281"]
[BlackElo "2441"]
[WhiteFideId "8100918"]
[BlackFideId "13302639"]
[EventDate "2014.12.19"]

1. e4 c5 2. Nf3 e6 3. d4 cxd4 4. Nxd4 a6 5. Nc3 Qc7 6. f4 d6 7. Bd3 g6 8. Be3
Bg7 9. Qd2 Nf6 10. O-O-O O-O 11. h3 b5 12. a3 Nbd7 13. g4 Nc5 14. g5 Nh5 15. f5
Be5 16. Nf3 Bxc3 17. Qxc3 Nxd3+ 18. Qxd3 exf5 19. exf5 Bxf5 20. Qc3 Qxc3 21.
bxc3 Be4 22. Rhf1 Rfe8 23. Bb6 Rac8 24. Kb2 Ng3 25. Rf2 Bxf3 26. Rxf3 Nf5 27.
Bf2 Rc4 28. h4 Nxh4 29. Bxh4 Rxh4 30. Rxd6 Rg4 31. Rd7 Rf8 32. Rd5 Kg7 33. Kb3
h6 34. gxh6+ Kxh6 35. Rf6 Ra4 36. c4 Rxc4 37. Rxa6 f5 38. Rxb5 Rg4 39. Re6 f4
40. Re1 g5 41. Rd5 Rg3+ 42. c3 Kh5 43. a4 f3 44. a5 f2 45. Rh1+ Kg4 46. Rdd1 Kf3
47. a6 Kg2 48. Kb4 Ra8 49. Kb5 Rxc3 50. Ra1 Ra3 51. Rxa3 Kxh1 52. Ra1+ Kg2 53.
Kb6 f1=Q 54. Rxf1 Rxa6+ 55. Kxa6 Kxf1 0-1

[Event "3rd Al Ain Chess Classic"]
[Site "Al-Ain UAE"]
[Date "2014.12.22"]
[Round "5.28"]
[White "Gagare, Shardul"]
[Black "Gasimov, Parviz"]
[Result "1-0"]
[WhiteTitle "IM"]
[BlackTitle "CM"]
[WhiteElo "2411"]
[BlackElo "2295"]
[WhiteFideId "5037883"]
[BlackFideId "13408798"]
[EventDate "2014.12.19"]

1. c4 e5 2. g3 Nf6 3. Bg2 d5 4. cxd5 Nxd5 5. Nc3 Nb6 6. Nf3 Nc6 7. O-O Be7 8. a3
O-O 9. b4 Be6 10. d3 a5 11. b5 Nd4 12. Rb1 f6 13. Nd2 Qc8 14. e3 Nf5 15. Qc2 Rd8
16. Bb2 a4 17. Rfc1 Ra5 18. Nc4 Nxc4 19. dxc4 Bxc4 20. Nxa4 Bd3 21. Qb3+ Kh8 22.
Nb6 Qb8 23. Nc4 Ra7 24. Ra1 c6 25. b6 Ra6 26. a4 Qa8 27. a5 e4 28. Bc3 Rd5 29.
Nb2 Rb5 30. Qe6 Bf8 31. Nxd3 exd3 32. Rd1 1-0

[Event "3rd Al Ain Chess Classic"]
[Site "Al-Ain UAE"]
[Date "2014.12.22"]
[Round "5.29"]
[White "Nasri, Amin"]
[Black "Karavade, Eesha"]
[Result "0-1"]
[BlackTitle "IM"]
[WhiteElo "2275"]
[BlackElo "2392"]
[WhiteFideId "12501972"]
[BlackFideId "5012600"]
[EventDate "2014.12.19"]

1. d4 Nf6 2. g3 g6 3. c4 c6 4. Bg2 d5 5. Nf3 Bg7 6. O-O O-O 7. Nc3 dxc4 8. e3
Nbd7 9. Qe2 Nb6 10. Rd1 Bg4 11. h3 Bxf3 12. Bxf3 Qc7 13. e4 e5 14. dxe5 Nfd7 15.
e6 fxe6 16. Bg4 Rfe8 17. f4 Nf6 18. e5 Nxg4 19. hxg4 Rad8 20. Be3 Rxd1+ 21. Rxd1
Rd8 22. Ne4 Rxd1+ 23. Qxd1 Nd5 24. Bf2 Qa5 25. a3 Bf8 26. g5 Be7 27. Kg2 Qb5 28.
Qd2 b6 29. Bg1 Qb3 30. Bf2 Qa2 31. Qc1 c3 32. Nxc3 Qc4 33. Qd2 Nxc3 34. bxc3
Bxa3 35. Qd8+ Bf8 36. Qa8 Qd5+ 37. Kg1 Qd7 38. Kg2 Kf7 39. Kf1 h6 40. gxh6 Bxh6
41. Ke2 Bg7 42. Be3 g5 43. c4 gxf4 44. gxf4 Bf8 45. Bf2 Qc7 46. Bg3 Qd7 47. Bf2
Qc7 48. Bg3 Bg7 49. f5 Bxe5 50. fxe6+ Ke7 51. Bh4+ Bf6 52. Bxf6+ Kxf6 53. Qf8+
Kxe6 54. Qh6+ Kf5 55. Qh5+ Ke4 56. Qf3+ Kd4 57. Qe3+ Kxc4 58. Qd3+ Kb4 59. Qd2+
Ka4 0-1

[Event "3rd Al Ain Chess Classic"]
[Site "Al-Ain UAE"]
[Date "2014.12.22"]
[Round "5.30"]
[White "Puranik, Abhimanyu"]
[Black "Ter-Sahakyan, Samvel"]
[Result "1/2-1/2"]
[WhiteTitle "CM"]
[BlackTitle "GM"]
[WhiteElo "2255"]
[BlackElo "2580"]
[WhiteFideId "5061245"]
[BlackFideId "13302531"]
[EventDate "2014.12.19"]

1. e4 c5 2. Nf3 d6 3. d4 cxd4 4. Nxd4 Nf6 5. Nc3 a6 6. f4 Nbd7 7. Nf3 e6 8. Bd3
Be7 9. Qe2 Nc5 10. Be3 Nfd7 11. O-O O-O 12. a4 b6 13. Rfd1 Bb7 14. e5 Bxf3 15.
Qxf3 dxe5 16. f5 Qc8 17. fxe6 fxe6 18. Qh3 Nf6 19. Bxc5 Bxc5+ 20. Kh1 h6 21. Ne4
Nd5 22. Nxc5 bxc5 23. Qh5 c4 24. Be4 Nf6 25. Qxe5 Ng4 26. Qd4 Nf2+ 27. Kg1 Nxd1
28. Bxa8 Rd8 29. Qa7 Nxb2 30. Be4 Qd7 31. Qxd7 Rxd7 32. a5 Kf7 33. Ra2 c3 34.
Ra3 Rc7 35. Rb3 Rc5 36. Ra3 Rc7 37. Rb3 Rc5 38. Ra3 Re5 39. Bb7 Nd3 40. h3 Re1+
41. Kh2 Nc5 42. Bf3 Rb1 43. Rxc3 Rb5 44. Bh5+ Kf6 45. Ra3 Ke5 46. Be2 Rb2 47.
Rc3 Kd6 48. Bc4 Rb4 49. Be2 Ra4 50. Rg3 g5 51. Rg4 Rxg4 52. Bxg4 Kd5 53. Be2 Kd4
54. Kg3 Ke3 55. Bf1 e5 56. Bc4 Kd4 57. Bf1 Ne4+ 58. Kh2 Nc5 59. Kg3 Ke3 60. Bc4
e4 61. Kg4 Kf2 62. Kh5 Kxg2 63. Kxh6 Kxh3 64. Kxg5 Kg3 65. Kf5 e3 66. Ke5 Kf2
67. Kd5 Nb7 68. Bxa6 Nxa5 69. Bd3 Ke1 70. c4 Kd2 71. Bf1 e2 72. Bxe2 Kxe2 73.
Ke5 1/2-1/2

[Event "3rd Al Ain Chess Classic"]
[Site "Al-Ain UAE"]
[Date "2014.12.22"]
[Round "5.31"]
[White "Iordachescu, Viorel"]
[Black "Huseynov, Shahin"]
[Result "1-0"]
[WhiteTitle "GM"]
[WhiteElo "2611"]
[BlackElo "2162"]
[WhiteFideId "13900200"]
[BlackFideId "13401106"]
[EventDate "2014.12.19"]

1. d4 Nf6 2. c4 e6 3. Nf3 d5 4. g3 c6 5. Bg2 Bd6 6. O-O O-O 7. Nc3 Nbd7 8. Nd2
Bb4 9. e4 Bxc3 10. bxc3 dxe4 11. Nxe4 Nxe4 12. Bxe4 Qa5 13. Qc2 h6 14. Bd2 Nf6
15. Bg2 e5 16. Rae1 Re8 17. c5 exd4 18. Rxe8+ Nxe8 19. cxd4 Qd8 20. Qb2 Nf6 21.
Bf4 Nd5 22. Bd6 b6 23. Re1 Be6 24. h3 b5 25. Kh2 Qa5 26. Re2 Rc8 27. Re5 Nc3 28.
a3 Bd5 29. Qd2 Qxa3 30. Re3 b4 31. Bxd5 cxd5 32. Re7 Ne4 33. Qf4 Nf6 34. Qf5 Ra8
35. Rb7 Qa4 36. Be5 Qc6 37. Rxb4 Ne4 38. h4 Re8 39. Kg2 f6 40. Bf4 Nc3 41. Qg6
Kf8 42. Qd3 Ne4 43. f3 g5 44. Bb8 Qa8 45. Qb1 f5 46. fxe4 dxe4 47. Bd6+ Kf7 48.
Rb7+ Kg6 49. Qb3 Kh5 50. g4+ 1-0

[Event "3rd Al Ain Chess Classic"]
[Site "Al-Ain UAE"]
[Date "2014.12.22"]
[Round "5.32"]
[White "Vishnu Prasanna, V"]
[Black "Sameir, Ramez"]
[Result "1-0"]
[WhiteTitle "GM"]
[WhiteElo "2463"]
[BlackElo "2128"]
[WhiteFideId "5030692"]
[BlackFideId "10606017"]
[EventDate "2014.12.19"]

1. c4 e6 2. Nf3 Nf6 3. g3 d5 4. Bg2 c6 5. O-O Nbd7 6. d4 Bd6 7. Nc3 O-O 8. Nd2
Bc7 9. e4 dxe4 10. Ndxe4 Nxe4 11. Nxe4 e5 12. d5 cxd5 13. cxd5 Nb6 14. Qb3 Bd6
15. Bg5 f6 16. Be3 Bf5 17. Nc5 Qe7 18. Rac1 Rfc8 19. a4 Kh8 20. Ne4 Bxe4 21.
Bxe4 Bc5 22. Bxc5 Rxc5 23. Qa3 Nd7 24. d6 Qxd6 25. Rcd1 1-0

[Event "3rd Al Ain Chess Classic"]
[Site "Al-Ain UAE"]
[Date "2014.12.22"]
[Round "5.33"]
[White "Pourramezanali, Amirreza"]
[Black "Pujari, Rucha"]
[Result "1-0"]
[WhiteTitle "IM"]
[BlackTitle "WFM"]
[WhiteElo "2427"]
[BlackElo "2109"]
[WhiteFideId "12511412"]
[BlackFideId "5024528"]
[EventDate "2014.12.19"]

1. d4 d5 2. c4 e6 3. Nc3 Nf6 4. Nf3 Be7 5. Bf4 O-O 6. e3 Nbd7 7. Qc2 c6 8. h3 h6
9. a3 dxc4 10. Bxc4 a6 11. O-O b5 12. Be2 c5 13. dxc5 Bxc5 14. Ne4 Nxe4 15. Qxe4
Ra7 16. Rfd1 Qb6 17. Rac1 b4 18. axb4 Qxb4 19. Qxb4 Bxb4 20. Nd4 a5 21. Nc6 Rb7
22. Ba6 Nf6 23. Bxb7 Bxb7 24. Nxb4 axb4 25. Bd6 Ra8 26. Bxb4 Nd5 27. Bc5 f5 28.
Ra1 Rc8 29. Rdc1 e5 30. Bd6 Re8 31. Ra7 Ba8 32. Bxe5 1-0

[Event "3rd Al Ain Chess Classic"]
[Site "Al-Ain UAE"]
[Date "2014.12.22"]
[Round "5.34"]
[White "Petrosyan, Manuel"]
[Black "Raja, Harshit"]
[Result "1/2-1/2"]
[WhiteTitle "FM"]
[WhiteElo "2407"]
[BlackElo "2116"]
[WhiteFideId "13300857"]
[BlackFideId "5089000"]
[EventDate "2014.12.19"]

1. d4 Nf6 2. c4 e6 3. Nc3 Bb4 4. Qc2 O-O 5. a3 Bxc3+ 6. Qxc3 b5 7. cxb5 c6 8. g3
cxb5 9. Bg2 Nc6 10. Nf3 Bb7 11. O-O Rc8 12. Qd3 Na5 13. Bg5 Bd5 14. Ne5 Bc4 15.
Qf3 h6 16. Bxf6 Qxf6 17. Qxf6 gxf6 18. Nxd7 Rfd8 19. Nxf6+ Kf8 20. Rfe1 Rxd4 21.
e3 Rd2 22. b4 Nb3 23. Ne4 Rd7 24. Rad1 Rcd8 25. Bf3 f5 26. Nc3 Nd2 27. Kg2 Rd3
28. Rc1 Nxf3 29. Kxf3 Ke7 30. Kg2 a6 31. a4 Rd2 32. axb5 axb5 33. e4 Kf6 34.
exf5 exf5 35. Red1 R8d3 36. Rxd2 Rxd2 37. Rd1 Ke5 1/2-1/2

[Event "3rd Al Ain Chess Classic"]
[Site "Al-Ain UAE"]
[Date "2014.12.22"]
[Round "5.35"]
[White "Tologontegin, Semetey"]
[Black "Safarov, Zirva"]
[Result "1-0"]
[WhiteTitle "FM"]
[WhiteElo "2391"]
[BlackElo "2104"]
[WhiteFideId "13800574"]
[BlackFideId "13413040"]
[EventDate "2014.12.19"]

1. g3 c5 2. Bg2 Nc6 3. e4 g6 4. Ne2 Bg7 5. f4 d6 6. O-O Nh6 7. h3 f5 8. d3 O-O
9. Nbc3 Rb8 10. a4 a6 11. Kh2 Kh8 12. Be3 Nd4 13. Qd2 Nf7 14. Bg1 Qa5 15. Qc1
Bd7 16. Be3 Rfc8 17. Ng1 e6 18. Qd2 Qc7 19. Qf2 b5 20. axb5 axb5 21. Rfb1 b4 22.
Nd1 b3 23. cxb3 Rxb3 24. Qd2 Rcb8 25. Ra2 Bc6 26. Nf2 Qb6 27. Qc1 Kg8 28. Bd2 h5
29. Qd1 Nh6 30. Bc1 Rb5 31. Ne2 Nb3 32. Be3 Ra5 33. Rxa5 Qxa5 34. g4 hxg4 35.
hxg4 fxg4 36. Ng3 Qd8 37. Nxg4 Qh4+ 38. Bh3 Nxg4+ 39. Qxg4 Qxg4 40. Bxg4 Kf7 41.
Ne2 Bb5 42. Rd1 Ba6 43. Nc3 Nd4 44. Rd2 Nc6 45. Bd1 Bd4 46. Bxd4 Nxd4 47. Kg3
Kf6 48. e5+ Ke7 49. Ne4 Nf5+ 50. Kg4 dxe5 51. fxe5 Rb5 52. Kg5 c4 53. dxc4 Rxe5
54. Kf4 Ra5 55. b4 e5+ 56. Kg5 Ra1 57. b5 Bc8 58. c5 Ne3 59. Nd6 Be6 60. b6 Rb1
61. b7 Bd5 62. Nc8+ Ke6 63. Rxd5 Rxb7 64. Rd6+ Kf7 65. Rf6+ Kg7 66. Nd6 Rb1 67.
Rf7+ Kg8 68. Bf3 Rc1 69. c6 Rc5 70. Rd7 e4+ 71. Kxg6 Kf8 72. c7 exf3 73. c8=Q+
Rxc8 74. Nxc8 Ng4 75. Rd8# 1-0

[Event "3rd Al Ain Chess Classic"]
[Site "Al-Ain UAE"]
[Date "2014.12.22"]
[Round "5.36"]
[White "Nakhbayeva, Guliskhan"]
[Black "Mokal, Amruta Sunil"]
[Result "1/2-1/2"]
[WhiteTitle "WGM"]
[WhiteElo "2378"]
[BlackElo "2054"]
[WhiteFideId "13704788"]
[BlackFideId "5016371"]
[EventDate "2014.12.19"]

1. d4 Nf6 2. c4 e6 3. Nc3 Bb4 4. e3 O-O 5. Bd3 d5 6. Nf3 c5 7. O-O dxc4 8. Bxc4
Nc6 9. Bd3 Re8 10. a3 Bxc3 11. bxc3 Qc7 12. e4 e5 13. Bg5 cxd4 14. Bxf6 gxf6 15.
cxd4 Bg4 16. h3 Bxf3 17. Qxf3 Nxd4 18. Qxf6 Re6 19. Qh4 Qe7 20. Qh5 Rg6 21. f4
exf4 22. e5 f3 23. Bxg6 hxg6 24. Qg4 Qxe5 25. gxf3 Ne2+ 26. Kg2 Nf4+ 27. Kh1 Kg7
28. Rae1 Qf6 29. Re4 Nxh3 30. f4 Rh8 31. Kg2 Rh4 32. Qg3 Qb2+ 33. Kf3 Ng5+ 34.
fxg5 Rxe4 35. Kxe4 Qe2+ 36. Kd5 Qb5+ 37. Kd4 Qxf1 38. Qe5+ Kh7 39. Qh2+ Kg8 40.
Qb8+ Kg7 41. Qe5+ Kf8 42. Qb8+ Kg7 43. Qe5+ 1/2-1/2

[Event "3rd Al Ain Chess Classic"]
[Site "Al-Ain UAE"]
[Date "2014.12.22"]
[Round "5.37"]
[White "Mosadeghpour, Masoud"]
[Black "Bunyatov, Rustam"]
[Result "1-0"]
[BlackTitle "CM"]
[WhiteElo "2337"]
[BlackElo "2077"]
[WhiteFideId "12519278"]
[BlackFideId "13410210"]
[EventDate "2014.12.19"]

1. e4 e5 2. Nf3 Nf6 3. Nxe5 d6 4. Nf3 Nxe4 5. d4 d5 6. Bd3 Nc6 7. O-O Be7 8. Nc3
Nxc3 9. bxc3 O-O 10. Re1 Bf6 11. Bf4 Bg4 12. h3 Bh5 13. Rb1 b6 14. Re3 Bg6 15.
Qe2 Ne7 16. g4 Bxd3 17. Qxd3 Ng6 18. Bg3 Qd7 19. Rbe1 Rae8 20. Rxe8 Rxe8 21.
Rxe8+ Qxe8 22. Bxc7 Qa4 23. Kg2 h6 24. Bg3 Qxa2 25. Qb5 Qxc2 26. Qxd5 Qxc3 27.
Qa8+ Kh7 28. d5 a5 29. d6 b5 30. h4 Qc5 31. h5 Nh4+ 32. Nxh4 Bxh4 33. Bxh4 Qxd6
34. Qe4+ Kg8 35. Qe8+ Qf8 36. Qxb5 Qa8+ 37. f3 a4 38. Bg3 Kh7 39. Qf5+ Kg8 40.
Qb5 Kh7 41. Qb1+ g6 42. hxg6+ fxg6 43. Qb5 Qa7 44. Bf2 Qg7 45. Qxa4 Qb2 46. Qd4
Qc2 47. Qf6 h5 48. g5 h4 49. Qd4 Kg8 50. Qxh4 Kf7 51. Qf4+ Kg8 52. Qe4 1-0

[Event "3rd Al Ain Chess Classic"]
[Site "Al-Ain UAE"]
[Date "2014.12.22"]
[Round "5.38"]
[White "Khalafova, Narmin"]
[Black "Lodhi, Mahmood"]
[Result "0-1"]
[WhiteTitle "WFM"]
[BlackTitle "IM"]
[WhiteElo "2161"]
[BlackElo "2328"]
[WhiteFideId "13402625"]
[BlackFideId "7800010"]
[EventDate "2014.12.19"]

1. e4 e5 2. Nc3 Nc6 3. g3 Bc5 4. Bg2 Nge7 5. Na4 b6 6. Nf3 Ba6 7. Nxc5 bxc5 8.
d3 O-O 9. O-O h6 10. Re1 d6 11. c3 Rb8 12. d4 cxd4 13. cxd4 exd4 14. Nxd4 Nb4
15. Re3 c5 16. Nf3 d5 17. exd5 Nexd5 18. Ra3 Nc3 19. Qxd8 Ne2+ 20. Kf1 Nxc1+ 21.
Rxa6 Rfxd8 22. Rxc1 Nxa6 23. b3 Nb4 24. Rxc5 Nxa2 25. Ne5 Rxb3 26. Bd5 Rxd5 27.
Rxd5 Rb7 28. Nc6 Rc7 29. Ra5 Rxc6 30. Rxa2 a6 31. h4 Kf8 32. Ke2 Ke7 33. Kd3 h5
34. Kd4 Kd7 35. Re2 g6 36. Kd5 a5 37. Ra2 Rf6 38. Kc5 Rf5+ 39. Kb6 Ke6 40. Kc6
Rf3 41. Kb5 Kf5 42. Kc4 Kg4 43. Kd4 a4 44. Ke4 a3 45. Ke5 Kh3 46. Kd5 Kg2 47.
Ke4 f6 48. Kd5 Rxf2 49. Rxa3 Rf3 50. Ra7 Rxg3 0-1

[Event "3rd Al Ain Chess Classic"]
[Site "Al-Ain UAE"]
[Date "2014.12.22"]
[Round "5.39"]
[White "Gholami, Aryan"]
[Black "Walid, Anwar"]
[Result "1-0"]
[WhiteTitle "FM"]
[WhiteElo "2320"]
[BlackElo "1919"]
[WhiteFideId "12513342"]
[BlackFideId "9302271"]
[EventDate "2014.12.19"]

1. d4 Nf6 2. Nf3 d5 3. Bf4 c5 4. e3 Nc6 5. Nc3 Bg4 6. dxc5 e6 7. Nb5 e5 8. Bg5
Be6 9. e4 dxe4 10. Qxd8+ Kxd8 11. Nd2 Bxc5 12. Nxe4 Be7 13. O-O-O+ Kc8 14. Ned6+
Bxd6 15. Nxd6+ Kc7 16. f4 Ng4 17. f5 Bd7 18. Rd2 Rhf8 19. Bc4 f6 20. h3 Nf2 21.
Nb5+ Kc8 22. Rxf2 fxg5 23. g4 a6 24. Nd6+ Kc7 25. Rd1 b5 26. Bf1 Nd4 27. Ne4 h6
28. c3 Nc6 29. Nc5 Bc8 30. Bg2 Rf6 31. Rfd2 Rb8 32. Nd7 Bxd7 33. Rxd7+ Kb6 34.
Rxg7 Rd8 35. Rxd8 Nxd8 36. Re7 Nf7 37. Bd5 Nd6 38. Rxe5 1-0

[Event "3rd Al Ain Chess Classic"]
[Site "Al-Ain UAE"]
[Date "2014.12.22"]
[Round "5.40"]
[White "Kursova, Maria"]
[Black "Elmejbri, Ali A."]
[Result "1-0"]
[WhiteTitle "WGM"]
[BlackTitle "FM"]
[WhiteElo "2305"]
[BlackElo "1954"]
[WhiteFideId "4129709"]
[BlackFideId "9200398"]
[EventDate "2014.12.19"]

1. d4 Nf6 2. Nf3 b5 3. Bg5 e6 4. e4 a6 5. a4 b4 6. Bd3 Be7 7. Nbd2 a5 8. O-O Ba6
9. Nb3 Bxd3 10. Qxd3 O-O 11. c4 bxc3 12. bxc3 c6 13. Nfd2 d5 14. e5 Nfd7 15.
Bxe7 Qxe7 16. c4 Na6 17. c5 Nb4 18. Qc3 Rfb8 19. Nxa5 Rxa5 20. Rfb1 Rba8 21.
Rxb4 Nf8 22. Nb3 R5a6 23. a5 Qc7 24. f4 Nd7 25. g4 f6 26. Rf1 Rf8 27. Qd3 Raa8
28. Qe2 fxe5 29. fxe5 Rxf1+ 30. Qxf1 Rf8 31. Qe2 Rf4 32. a6 Re4 33. Qf1 g5 34.
Rb7 Qc8 35. h3 Rf4 36. Qa1 Re4 37. Rxd7 Qxd7 38. a7 Re1+ 39. Qxe1 Qxa7 40. Qa5
Qf7 41. Qd8+ 1-0

[Event "3rd Al Ain Chess Classic"]
[Site "Al-Ain UAE"]
[Date "2014.12.22"]
[Round "5.41"]
[White "Praggnanandhaa, R"]
[Black "Thakur, Akash"]
[Result "1/2-1/2"]
[WhiteTitle "FM"]
[BlackTitle "FM"]
[WhiteElo "2104"]
[BlackElo "2302"]
[WhiteFideId "25059530"]
[BlackFideId "5008514"]
[EventDate "2014.12.19"]

1. e4 c5 2. Nf3 d6 3. Bb5+ Nd7 4. O-O a6 5. Bxd7+ Bxd7 6. h3 e5 7. d3 Ne7 8. c4
Ng6 9. Nc3 Be7 10. Nh2 Bg5 11. Ne2 Bxc1 12. Qxc1 f5 13. f4 O-O 14. Qe3 exf4 15.
Nxf4 Qg5 16. Rae1 Rae8 17. Nd5 Qxe3+ 18. Rxe3 fxe4 19. Rxf8+ Kxf8 20. dxe4 Ne5
21. b3 b5 22. Nf3 Nxf3+ 23. Rxf3+ Kg8 24. Re3 Bc6 25. Kf2 b4 26. Ke2 a5 27. Kd3
a4 28. h4 h6 29. g3 Kf7 30. Rf3+ Kg8 31. Re3 Kf7 32. Rf3+ Kg8 33. Re3 Kf7 34.
Rf3+ Kg8 35. Re3 axb3 36. axb3 Bd7 37. Rf3 Bg4 38. Rf1 Ra8 39. e5 dxe5 40. Ke4
Ra2 41. Kxe5 Rb2 42. Kf4 Bh5 43. g4 Bg6 44. Ne7+ Kh7 45. Nxg6 Kxg6 46. Rf3 h5
47. gxh5+ Kxh5 48. Rg3 Kh6 49. Ke4 Rd2 50. Kf5 Rh2 51. Kg4 Rc2 52. Kf4 Rh2 53.
Kg4 Rc2 54. Kf4 Rh2 55. Kg4 g6 56. Rd3 Rg2+ 57. Rg3 Rc2 58. Kf4 Rh2 59. Kg4 Rd2
60. Re3 Rb2 61. Rd3 Rb1 62. Re3 Rg1+ 63. Rg3 Rd1 64. Re3 Rg1+ 65. Rg3 Rc1 66.
Kf4 Rh1 67. Kg4 Rd1 1/2-1/2

[Event "3rd Al Ain Chess Classic"]
[Site "Al-Ain UAE"]
[Date "2014.12.22"]
[Round "5.42"]
[White "Mohammed, Tarig Elther"]
[Black "Mirzoeva, Elmira"]
[Result "1-0"]
[BlackTitle "WGM"]
[WhiteElo "2044"]
[BlackElo "2246"]
[WhiteFideId "12200964"]
[BlackFideId "4127951"]
[EventDate "2014.12.19"]

1. e4 c6 2. d4 d5 3. Nc3 dxe4 4. Nxe4 Bf5 5. Ng3 Bg6 6. h4 h6 7. Nf3 e6 8. h5
Bh7 9. Bd3 Bxd3 10. Qxd3 Nf6 11. Bd2 Be7 12. O-O-O O-O 13. Ne4 Nxe4 14. Qxe4 Qd5
15. Qxd5 cxd5 16. g4 Nc6 17. Rhg1 Rac8 18. g5 hxg5 19. Bxg5 Bxg5+ 20. Rxg5 f6
21. Rg4 Rf7 22. Nh4 Kh7 23. f4 Rfc7 24. c3 b5 25. a3 a5 26. Kd2 b4 27. Re1 bxc3+
28. bxc3 Nd8 29. Rg3 Rb8 30. f5 Rb2+ 31. Kd3 exf5 32. Nxf5 Rh2 33. h6 gxh6 34.
Re7+ Rxe7 35. Nxe7 Rh5 36. Ng8 Rf5 37. Ne7 Rg5 38. Rxg5 fxg5 39. Nxd5 h5 40. c4
h4 41. Ke4 Kg6 42. Ne3 Kh5 43. c5 g4 44. d5 Nf7 45. Kf4 g3 46. a4 Ng5 47. c6 Nf7
48. c7 Nd6 49. Ke5 Nc8 50. d6 Nb6 51. Ke6 h3 52. d7 g2 53. d8=Q g1=Q 54. Qh8+
Kg5 55. Qg7+ 1-0

[Event "3rd Al Ain Chess Classic"]
[Site "Al-Ain UAE"]
[Date "2014.12.22"]
[Round "5.43"]
[White "Hojjatova, Aydan"]
[Black "Sultan, Fadel Saeed M Alshamsi"]
[Result "1-0"]
[WhiteTitle "WCM"]
[WhiteElo "2217"]
[BlackElo "1247"]
[WhiteFideId "13401491"]
[BlackFideId "9309551"]
[EventDate "2014.12.19"]

1. e4 e5 2. Nf3 Nc6 3. Bc4 Nf6 4. d3 Bc5 5. c3 d6 6. Bb3 Be6 7. O-O d5 8. exd5
Bxd5 9. Re1 Bxf3 10. Qxf3 O-O 11. Bg5 h6 12. Bh4 Re8 13. Nd2 Be7 14. Rad1 Na5
15. Ba4 Nd7 16. Bxe7 Rxe7 17. b4 Nc6 18. Bxc6 bxc6 19. Qxc6 Nb6 20. Nf3 Qe8 21.
Qe4 Na4 22. Rc1 Rd8 23. d4 f6 24. dxe5 fxe5 25. c4 Nb6 26. Nxe5 Nd7 27. Qd5+ Kf8
28. Qf3+ Kg8 29. Nd3 Ne5 30. Nxe5 Rxe5 31. Qc3 Rxe1+ 32. Rxe1 Qd7 33. h3 Qd2 34.
Qxd2 Rxd2 35. Re7 Rxa2 36. Rxc7 Ra4 37. b5 Kh7 38. Kf1 Kg6 39. Ke2 a6 40. b6 Rb4
41. c5 a5 42. Ra7 Rb5 43. b7 a4 44. Ra6+ Kf7 45. Rb6 1-0

[Event "3rd Al Ain Chess Classic"]
[Site "Al-Ain UAE"]
[Date "2014.12.22"]
[Round "5.44"]
[White "Asadli, Vugar"]
[Black "Andrenko, Irina"]
[Result "0-1"]
[WhiteTitle "CM"]
[BlackTitle "WIM"]
[WhiteElo "2043"]
[BlackElo "2202"]
[WhiteFideId "13405764"]
[BlackFideId "14118270"]
[EventDate "2014.12.19"]

1. g3 Nf6 2. Bg2 g6 3. e4 d6 4. d4 Bg7 5. Nc3 O-O 6. Nge2 c6 7. O-O e5 8. a4 a5
9. h3 Na6 10. Be3 Nb4 11. Qd2 Be6 12. Rad1 Bc4 13. Rfe1 Re8 14. g4 d5 15. dxe5
Nxe4 16. Qc1 Nxc3 17. bxc3 Na6 18. f4 f6 19. e6 Rxe6 20. Nd4 Re8 21. f5 Nc7 22.
Bf4 Qd7 23. Qb2 Rxe1+ 24. Rxe1 b5 25. Kh1 Re8 26. Ra1 Bf8 27. Qc1 b4 28. cxb4
axb4 29. Bxc7 Qxc7 30. Qd2 Qg3 31. Bf3 Qxh3+ 0-1

[Event "3rd Al Ain Chess Classic"]
[Site "Al-Ain UAE"]
[Date "2014.12.22"]
[Round "5.45"]
[White "Amer, Mohammed Bishara"]
[Black "Berezina, Irina"]
[Result "0-1"]
[BlackTitle "IM"]
[WhiteElo "1955"]
[BlackElo "2200"]
[WhiteFideId "12200719"]
[BlackFideId "3201937"]
[EventDate "2014.12.19"]

1. d4 Nf6 2. c4 g6 3. Nc3 Bg7 4. Nf3 O-O 5. g3 d6 6. Bg2 Nc6 7. O-O Bf5 8. Re1
Ne4 9. e3 Nxc3 10. bxc3 Be4 11. Nh4 Bxg2 12. Nxg2 Na5 13. Qd3 Qd7 14. a4 Qc6 15.
c5 dxc5 16. Qb5 b6 17. Nf4 e5 18. Ne2 Rfd8 19. Qxc6 Nxc6 20. Ba3 cxd4 21. cxd4
exd4 22. Rac1 Ne5 23. Nxd4 c5 24. f4 Nd3 25. Nc6 Re8 26. Red1 Nxc1 27. Bxc1 Re6
28. Nd8 Re7 29. Rd6 Rc7 30. e4 Bf8 0-1

[Event "3rd Al Ain Chess Classic"]
[Site "Al-Ain UAE"]
[Date "2014.12.22"]
[Round "5.46"]
[White "Ahmadzada, Ahmad"]
[Black "Derakhshani, Dorsa"]
[Result "1-0"]
[WhiteTitle "CM"]
[BlackTitle "WFM"]
[WhiteElo "1912"]
[BlackElo "2188"]
[WhiteFideId "13413007"]
[BlackFideId "12500330"]
[EventDate "2014.12.19"]

1. e4 e5 2. Nc3 Nc6 3. g3 Bc5 4. Bg2 h5 5. h3 Qf6 6. Nf3 Nge7 7. O-O d6 8. Na4
g5 9. Nxc5 dxc5 10. Ne1 Qd6 11. d3 f6 12. Be3 Ng6 13. c3 Be6 14. a3 c4 15. d4
Bd7 16. Nc2 Qe7 17. Qe2 Na5 18. Rae1 O-O-O 19. Nb4 Rdg8 20. Kh2 Kb8 21. Rg1 c6
22. d5 Qh7 23. dxc6 Bxh3 24. Bxh3 g4 25. Nd5 Rf8 26. Bxa7+ Kc8 27. cxb7+ Qxb7
28. Bc5 gxh3 29. Bxf8 Nxf8 30. Qe3 Ne6 31. Rd1 Nb3 32. Nb6+ Kb8 33. Nxc4 Nbc5
34. Rd6 Ka8 35. Rb6 Qd7 36. Rxe6 Qxe6 37. Qxc5 1-0

[Event "3rd Al Ain Chess Classic"]
[Site "Al-Ain UAE"]
[Date "2014.12.22"]
[Round "5.47"]
[White "Soozankar, A.M."]
[Black "Soyunlu, Narmin"]
[Result "1-0"]
[WhiteTitle "FM"]
[WhiteElo "2183"]
[BlackElo "1878"]
[WhiteFideId "12503029"]
[BlackFideId "13400843"]
[EventDate "2014.12.19"]

1. e4 e6 2. d4 d5 3. Nd2 Nf6 4. e5 Nfd7 5. Bd3 c5 6. c3 Nc6 7. Ngf3 g6 8. a3 Bg7
9. b4 cxd4 10. cxd4 a6 11. h4 f6 12. exf6 Nxf6 13. Nb3 Qd6 14. O-O O-O 15. Ra2
Ng4 16. g3 e5 17. dxe5 Ngxe5 18. Be2 Bh3 19. Re1 Rae8 20. Ng5 Bf5 21. Be3 Qd7
22. Nc5 Qc8 23. Qxd5+ Kh8 24. Qh1 Ng4 25. Bxg4 Bxg4 26. Qd5 h6 27. Nf7+ Kh7 28.
Nd6 Qd8 29. Ncxb7 Qd7 30. Nc5 Be6 31. Nxd7 Bxd5 32. Nxf8+ Rxf8 33. Rd2 Bc3 34.
Rxd5 Bxe1 35. Rc5 1-0

[Event "3rd Al Ain Chess Classic"]
[Site "Al-Ain UAE"]
[Date "2014.12.22"]
[Round "5.48"]
[White "Ali Rashid, Ali"]
[Black "Nandhidhaa, PV"]
[Result "0-1"]
[WhiteElo "1799"]
[BlackElo "2177"]
[WhiteFideId "9304762"]
[BlackFideId "5050847"]
[EventDate "2014.12.19"]

1. d4 Nf6 2. Nf3 d5 3. c4 c6 4. Nc3 a6 5. cxd5 cxd5 6. Bf4 Nc6 7. e3 Bg4 8. Be2
e6 9. O-O Bd6 10. Bg3 O-O 11. Rc1 Rc8 12. Na4 Ne4 13. Nc5 Bxc5 14. dxc5 Qe7 15.
Qc2 Bf5 16. Bd3 Nb4 17. Bd6 Qd8 18. Qd1 Nxd3 19. Bxf8 Nxc1 20. Bxg7 Kxg7 21.
Qxc1 Rxc5 22. Qd1 Bg4 23. h3 Bxf3 24. gxf3 Nf6 25. Kh2 d4 26. Rg1+ Kf8 27. e4
Qd6+ 28. Kh1 d3 29. e5 Rxe5 30. f4 Re2 31. Rg3 d2 0-1